000 00903nam a2200241 a 4500
001 000023235
005 20200930022058.0
008 101130s1997 mx ac 000 0 spa d
020 _a0023997729
040 _aDO-SdBNP
_bspa
_cBNPHU
082 _a155
_bR495d, 1997
100 1 _aRice, F. Philip
_947851
240 1 0 _aHuman development: A life-Span Approach, Second Edition.
_lEspañol.
245 1 0 _aDesarrollo humano :
_bestudio del ciclo vital /
_cF. Philip Rice ; traducción Elena Ortiz Salinas.
250 _a2a ed.
260 _aMéxico :
_bPrentice-Hall Hispanoamericana,
_c1997.
300 _axxvii, 771 p. :
_bil. ;
_c27 cm.
534 _aTraducción del inglés de la obra:
_tHuman development: A life-Span Approach, Second Edition.
650 4 _aPsicología evolutiva
_946740
650 4 _aPsicobiología evolutiva
_947852
700 1 _aOrtiz Salinas, Elena,
_etr.
_947853
049 _aBNGR
999 _c22732
_d22732